Movimientos vecinales y redes de trueque ¿hacia una sociedad alternativa? /
Durante los primeros años 80, surgen en varios países de América Latina organizaciones sociales que agrupan a vecinos y pobladores preocupados por ser los protagonistas encargados de resolver los problemas de sus comunidades. Estos movimientos vecinales representan una nueva modalidad de participaci...
Uloženo v:
| Hlavní autor: | |
|---|---|
| Médium: | Text |
| Témata: | |
| Tagy: |
Přidat tag
Žádné tagy, Buďte první, kdo vytvoří štítek k tomuto záznamu!
|
MARC
| LEADER | 00000 a a2200000 04500 | ||
|---|---|---|---|
| 001 | 10664 | ||
| 003 | |||
| 040 | |||
| 100 | |a Candia, José Miguel | ||
| 245 | |a Movimientos vecinales y redes de trueque ¿hacia una sociedad alternativa? / |c José Miguel Candia | ||
| 520 | |a Durante los primeros años 80, surgen en varios países de América Latina organizaciones sociales que agrupan a vecinos y pobladores preocupados por ser los protagonistas encargados de resolver los problemas de sus comunidades. Estos movimientos vecinales representan una nueva modalidad de participacion ciudadana y gestión de los intereses colectivos y expresan, al mismo tiempo, una profunda desconfianza hacia los antiguos partidos. El fenómeno es resultado de la confluencia de diversos factores, entre los que cabe destacar los efectos de descomposición y debilitamiento que provocaron los programas neoliebrales en la clase obrera industrial y las fuerzas políticas vinculadas a ella. Se describen las experiencias del movimiento vecinal en Argentina, como un caso paradigmático de este proceso de aparición de agrupamientos comunales divorciados de los partidos políticos y en abierta competencia con ellos. REV/WMV | ||
| 650 | |a MOVIMIENTOS SOCIALES | ||
| 650 | |a COMUNIDADES | ||
| 650 | |a GRUPOS POPULARES | ||
| 650 | |a DEMOCRACIA | ||
| 650 | |a POBREZA | ||
| 650 | |a PARTICIPACION COMUNITARIA | ||
| 650 | |a REDES | ||
| 773 | |g número 176; páginas37-46 | ||
| 999 | |c 26872 |d 26872 | ||
